| 000 | 00372nam a22001337a 4500 | ||
|---|---|---|---|
| 082 |
_a387.7 _bPUB |
||
| 245 | _aPublics Aids to Transportation | ||
| 260 |
_aWashington D.C. _bGovt Printing Office _c1940 |
||
| 300 |
_a171 P. : _c30 CM |
||
| 526 |
_a0 _b0 _c0 _d387_700000000000000_PUB |
||
| 526 |
_a0 _b0 _c0 _d387_700000000000000_PUB |
||
| 650 |
_aMCE _9379 |
||
| 942 |
_2ddc _cBK |
||
| 999 |
_c543022 _d543022 |
||